[Event "DVM U16 2023"]
[Site "Magdeburg GER"]
[Date "2023.12.28"]
[Round "3"]
[White "Koltyhin, Heorhii"]
[Black "Gotfried, Elias"]
[Result "0-1"]
[Termination "normal"]
[Board "7.4"]
[WhiteElo "1502"]
[BlackElo "1375"]
[WhiteClock "00:10:53"]
[BlackClock "00:13:00"]
[WhiteTeam "SG Grün-Weiß Dresden"]
[BlackTeam "Stuttgarter SF 1879"]
[PlyCount "72"]
[WhiteFideId "34127780"]
[BlackFideId "34630171"]
[EventCountry "GER"]
[EventRounds "7"]
[EventType "team-swiss"]
[EventDate "2023.12.26"]

1. e4 {[%clk 01:30:47]} {[%emt 00:00:12]} e6 {[%clk 01:30:55]} {[%emt
00:00:06]} 2. Nf3 {[%clk 01:30:01]} {[%emt 00:01:15]} d5 {[%clk 01:30:51]}
{[%emt 00:00:35]} 3. e5 {[%clk 01:28:23]} {[%emt 00:02:08]} c5 {[%clk
01:30:37]} {[%emt 00:00:44]} 4. b4 {[%clk 01:25:15]} {[%emt 00:03:38]} c4
{[%clk 01:29:26]} {[%emt 00:01:41]} 5. a3 {[%clk 01:25:23]} {[%emt 00:00:21]}
b5 {[%clk 01:22:04]} {[%emt 00:07:53]} 6. d4 {[%clk 01:19:19]} {[%emt
00:06:32]} a5 {[%clk 01:19:17]} {[%emt 00:03:19]} 7. bxa5 {[%clk 01:02:04]}
{[%emt 00:17:45]} Qxa5+ {[%clk 01:16:25]} {[%emt 00:03:23]} 8. Qd2 {[%clk
00:58:15]} {[%emt 00:04:13]} Qxd2+ {[%clk 01:12:20]} {[%emt 00:04:41]} 9. Nfxd2
{[%clk 00:54:59]} {[%emt 00:03:46]} b4 {[%clk 01:09:15]} {[%emt 00:03:36]} 10.
c3 {[%clk 00:50:40]} {[%emt 00:04:43]} Nc6 {[%clk 01:02:50]} {[%emt 00:06:59]}
11. Bb2 {[%clk 00:48:49]} {[%emt 00:02:17]} bxc3 {[%clk 00:58:45]} {[%emt
00:04:40]} 12. Bxc3 {[%clk 00:48:53]} {[%emt 00:00:23]} Nh6 {[%clk 00:57:22]}
{[%emt 00:01:55]} 13. Nf3 {[%clk 00:45:27]} {[%emt 00:03:52]} f6 {[%clk
00:49:06]} {[%emt 00:08:50]} 14. Be2 {[%clk 00:40:44]} {[%emt 00:05:11]} fxe5
{[%clk 00:46:14]} {[%emt 00:03:24]} 15. Nxe5 {[%clk 00:35:10]} {[%emt
00:06:04]} Nxe5 {[%clk 00:46:25]} {[%emt 00:00:19]} 16. dxe5 {[%clk 00:35:31]}
{[%emt 00:00:08]} Bc5 {[%clk 00:46:03]} {[%emt 00:00:53]} 17. Bf3 {[%clk
00:35:40]} {[%emt 00:00:21]} O-O {[%clk 00:45:01]} {[%emt 00:01:34]} 18. O-O
{[%clk 00:35:30]} {[%emt 00:00:39]} Nf5 {[%clk 00:42:59]} {[%emt 00:02:32]} 19.
g4 {[%clk 00:32:18]} {[%emt 00:03:40]} Ng3 {[%clk 00:36:12]} {[%emt 00:07:18]}
20. hxg3 {[%clk 00:29:43]} {[%emt 00:03:04]} Rxf3 {[%clk 00:36:30]} {[%emt
00:00:13]} 21. Kg2 {[%clk 00:29:13]} {[%emt 00:01:00]} Rd3 {[%clk 00:34:44]}
{[%emt 00:02:14]} 22. Ra2 {[%clk 00:21:44]} {[%emt 00:08:02]} Bd7 {[%clk
00:32:15]} {[%emt 00:03:00]} 23. Ba1 {[%clk 00:17:58]} {[%emt 00:04:13]} Bc6
{[%clk 00:31:12]} {[%emt 00:01:35]} 24. f3 {[%clk 00:17:08]} {[%emt 00:01:18]}
Ba4 {[%clk 00:17:52]} {[%emt 00:13:52]} 25. Rd2 {[%clk 00:15:01]} {[%emt
00:02:34]} Rxd2+ {[%clk 00:15:03]} {[%emt 00:03:22]} 26. Nxd2 {[%clk 00:15:21]}
{[%emt 00:00:10]} Bc2 {[%clk 00:14:16]} {[%emt 00:01:17]} 27. Rc1 {[%clk
00:15:06]} {[%emt 00:00:41]} Bd3 {[%clk 00:14:23]} {[%emt 00:00:26]} 28. Rc3
{[%clk 00:10:25]} {[%emt 00:05:09]} Rxa3 {[%clk 00:12:39]} {[%emt 00:02:16]}
29. Rxa3 {[%clk 00:10:21]} {[%emt 00:00:34]} Bxa3 {[%clk 00:13:02]} {[%emt
00:00:08]} 30. Bd4 {[%clk 00:10:44]} {[%emt 00:00:06]} Bb4 {[%clk 00:12:32]}
{[%emt 00:01:00]} 31. Nf1 {[%clk 00:10:50]} {[%emt 00:00:24]} c3 {[%clk
00:12:10]} {[%emt 00:00:53]} 32. Kf2 {[%clk 00:09:56]} {[%emt 00:01:22]} Bxf1
{[%clk 00:11:28]} {[%emt 00:01:13]} 33. Kxf1 {[%clk 00:09:59]} {[%emt
00:00:28]} c2 {[%clk 00:11:50]} {[%emt 00:00:07]} 34. Bb2 {[%clk 00:10:24]}
{[%emt 00:00:05]} Bd2 {[%clk 00:12:14]} {[%emt 00:00:05]} 35. Ke2 {[%clk
00:10:35]} {[%emt 00:00:19]} c1=Q {[%clk 00:12:33]} {[%emt 00:00:12]} 36. Bxc1
{[%clk 00:10:53]} {[%emt 00:00:12]} Bxc1 {[%clk 00:13:00]} {[%emt 00:00:03]}
0-1

[Event "DVM U16 2023"]
[Site "Magdeburg GER"]
[Date "2023.12.28"]
[Round "3"]
[White "Korchynskyi, Mykola"]
[Black "Honisch, Alexander"]
[Result "1/2-1/2"]
[Termination "normal"]
[Board "8.1"]
[WhiteElo "2196"]
[BlackElo "2155"]
[WhiteClock "00:40:01"]
[BlackClock "00:03:07"]
[WhiteTeam "SF Essen-Katernberg 04/32"]
[BlackTeam "SK Bebenhausen 1992"]
[PlyCount "90"]
[WhiteFideId "34138005"]
[BlackFideId "16298594"]
[EventCountry "GER"]
[EventRounds "7"]
[EventType "team-swiss"]
[EventDate "2023.12.26"]

1. d4 {[%clk 01:30:56]} {[%emt 00:00:03]} Nf6 {[%clk 01:30:25]} {[%emt
00:00:35]} 2. c4 {[%clk 01:31:17]} {[%emt 00:00:08]} e6 {[%clk 01:30:03]}
{[%emt 00:00:53]} 3. Nc3 {[%clk 01:31:39]} {[%emt 00:00:08]} Bb4 {[%clk
01:29:44]} {[%emt 00:00:49]} 4. Qc2 {[%clk 01:32:02]} {[%emt 00:00:07]} d5
{[%clk 01:28:55]} {[%emt 00:01:19]} 5. cxd5 {[%clk 01:32:24]} {[%emt 00:00:09]}
exd5 {[%clk 01:28:46]} {[%emt 00:00:39]} 6. Bg5 {[%clk 01:32:42]} {[%emt
00:00:12]} h6 {[%clk 01:28:11]} {[%emt 00:01:05]} 7. Bh4 {[%clk 01:32:51]}
{[%emt 00:00:20]} g5 {[%clk 01:26:50]} {[%emt 00:01:51]} 8. Bg3 {[%clk
01:33:14]} {[%emt 00:00:07]} Nc6 {[%clk 01:26:05]} {[%emt 00:01:14]} 9. e3
{[%clk 01:33:24]} {[%emt 00:00:20]} h5 {[%clk 01:24:43]} {[%emt 00:01:53]} 10.
h3 {[%clk 01:25:32]} {[%emt 00:08:22]} Ne4 {[%clk 01:07:21]} {[%emt 00:17:53]}
11. Bh2 {[%clk 01:24:23]} {[%emt 00:01:38]} Qe7 {[%clk 01:05:41]} {[%emt
00:02:10]} 12. Bb5 {[%clk 01:08:23]} {[%emt 00:16:30]} Bf5 {[%clk 00:46:02]}
{[%emt 00:20:09]} 13. Qb3 {[%clk 01:05:52]} {[%emt 00:03:01]} O-O {[%clk
00:44:34]} {[%emt 00:01:58]} 14. Nge2 {[%clk 01:05:43]} {[%emt 00:00:39]} Rfd8
{[%clk 00:40:43]} {[%emt 00:04:21]} 15. O-O {[%clk 00:48:35]} {[%emt 00:17:38]}
Nd2 {[%clk 00:35:35]} {[%emt 00:05:38]} 16. Nxd5 {[%clk 00:48:28]} {[%emt
00:00:38]} Rxd5 {[%clk 00:32:10]} {[%emt 00:03:54]} 17. Qxd5 {[%clk 00:44:41]}
{[%emt 00:04:17]} Be4 {[%clk 00:30:46]} {[%emt 00:01:55]} 18. Bxc6 {[%clk
00:42:45]} {[%emt 00:02:25]} Bxd5 {[%clk 00:29:39]} {[%emt 00:01:37]} 19. Bxd5
{[%clk 00:43:11]} {[%emt 00:00:03]} Nxf1 {[%clk 00:29:55]} {[%emt 00:00:15]}
20. Rxf1 {[%clk 00:43:33]} {[%emt 00:00:08]} Bd6 {[%clk 00:25:57]} {[%emt
00:04:27]} 21. Ng3 {[%clk 00:40:29]} {[%emt 00:03:35]} c6 {[%clk 00:20:05]}
{[%emt 00:06:22]} 22. Bb3 {[%clk 00:40:06]} {[%emt 00:00:53]} h4 {[%clk
00:14:51]} {[%emt 00:05:44]} 23. Nf5 {[%clk 00:40:18]} {[%emt 00:00:17]} Bxh2+
{[%clk 00:15:18]} {[%emt 00:00:05]} 24. Kxh2 {[%clk 00:40:44]} {[%emt
00:00:03]} Qf6 {[%clk 00:14:14]} {[%emt 00:01:33]} 25. g4 {[%clk 00:40:18]}
{[%emt 00:00:57]} Re8 {[%clk 00:09:58]} {[%emt 00:04:46]} 26. Kg1 {[%clk
00:39:26]} {[%emt 00:01:22]} a5 {[%clk 00:08:58]} {[%emt 00:01:30]} 27. Rc1
{[%clk 00:39:20]} {[%emt 00:00:34]} Kf8 {[%clk 00:06:33]} {[%emt 00:02:56]} 28.
Rc5 {[%clk 00:38:23]} {[%emt 00:01:27]} Qd8 {[%clk 00:06:46]} {[%emt 00:00:17]}
29. Kg2 {[%clk 00:34:20]} {[%emt 00:04:33]} f6 {[%clk 00:05:44]} {[%emt
00:01:33]} 30. Kg1 {[%clk 00:34:09]} {[%emt 00:00:40]} Qb6 {[%clk 00:04:33]}
{[%emt 00:01:41]} 31. Nd6 {[%clk 00:34:20]} {[%emt 00:00:20]} Ra8 {[%clk
00:03:47]} {[%emt 00:01:14]} 32. Rc2 {[%clk 00:27:00]} {[%emt 00:07:52]} Qb4
{[%clk 00:02:20]} {[%emt 00:01:56]} 33. Ne4 {[%clk 00:24:48]} {[%emt 00:02:42]}
a4 {[%clk 00:02:14]} {[%emt 00:00:36]} 34. Bc4 {[%clk 00:25:10]} {[%emt
00:00:08]} Qe1+ {[%clk 00:02:21]} {[%emt 00:00:24]} 35. Kg2 {[%clk 00:24:59]}
{[%emt 00:00:39]} Ke7 {[%clk 00:00:36]} {[%emt 00:02:17]} 36. a3 {[%clk
00:25:01]} {[%emt 00:00:28]} Qd1 {[%clk 00:00:32]} {[%emt 00:00:35]} 37. Rd2
{[%clk 00:25:15]} {[%emt 00:00:14]} Qc1 {[%clk 00:00:51]} {[%emt 00:00:12]} 38.
Bd3 {[%clk 00:25:36]} {[%emt 00:00:08]} Ra5 {[%clk 00:00:39]} {[%emt 00:00:42]}
39. Rc2 {[%clk 00:25:33]} {[%emt 00:00:32]} Qd1 {[%clk 00:00:42]} {[%emt
00:00:28]} 40. Rd2 {[%clk 00:25:00]} {[%emt 00:01:02]} Qc1 {[%clk 00:00:32]}
{[%emt 00:00:42]} 41. Rc2 {[%clk 00:25:22]} {[%emt 00:00:09]} Qd1 {[%clk
00:26:20]} {[%emt 00:04:41]} 42. Rd2 {[%clk 00:55:18]} {[%emt 00:00:34]} Qa1
{[%clk 00:14:45]} {[%emt 00:12:02]} 43. Nc3 {[%clk 00:49:15]} {[%emt 00:06:36]}
Ra8 {[%clk 00:12:24]} {[%emt 00:02:50]} 44. d5 {[%clk 00:41:20]} {[%emt
00:08:26]} Rd8 {[%clk 00:06:39]} {[%emt 00:06:14]} 45. Be4 {[%clk 00:40:01]}
{[%emt 00:01:49]} cxd5 {[%clk 00:03:07]} {[%emt 00:04:02]} 1/2-1/2

[Event "DVM U16 2023"]
[Site "Magdeburg GER"]
[Date "2023.12.28"]
[Round "3"]
[White "Kauth, Lukas"]
[Black "Berresheim, Nils"]
[Result "1-0"]
[Termination "normal"]
[Board "8.2"]
[WhiteElo "1696"]
[BlackElo "1772"]
[WhiteClock "00:21:05"]
[BlackClock "00:02:24"]
[WhiteTeam "SK Bebenhausen 1992"]
[BlackTeam "SF Essen-Katernberg 04/32"]
[PlyCount "43"]
[WhiteFideId "16272994"]
[BlackFideId "16246306"]
[EventCountry "GER"]
[EventRounds "7"]
[EventType "team-swiss"]
[EventDate "2023.12.26"]

1. e4 {[%clk 01:30:41]} {[%emt 00:00:18]} c5 {[%clk 01:30:39]} {[%emt
00:00:22]} 2. Nf3 {[%clk 01:30:37]} {[%emt 00:00:32]} d6 {[%clk 01:30:59]}
{[%emt 00:00:12]} 3. d4 {[%clk 01:30:30]} {[%emt 00:00:36]} cxd4 {[%clk
01:31:19]} {[%emt 00:00:11]} 4. Nxd4 {[%clk 01:30:33]} {[%emt 00:00:26]} Nf6
{[%clk 01:31:26]} {[%emt 00:00:24]} 5. Nc3 {[%clk 01:30:47]} {[%emt 00:00:15]}
a6 {[%clk 01:31:26]} {[%emt 00:00:31]} 6. h3 {[%clk 01:30:08]} {[%emt
00:01:07]} b5 {[%clk 01:26:43]} {[%emt 00:05:15]} 7. a4 {[%clk 01:29:14]}
{[%emt 00:01:23]} b4 {[%clk 01:23:14]} {[%emt 00:04:00]} 8. Nd5 {[%clk
01:28:28]} {[%emt 00:01:14]} e6 {[%clk 01:15:05]} {[%emt 00:08:40]} 9. Nxf6+
{[%clk 01:27:47]} {[%emt 00:01:10]} Qxf6 {[%clk 01:11:40]} {[%emt 00:03:56]}
10. Be3 {[%clk 01:26:10]} {[%emt 00:02:07]} Bb7 {[%clk 01:09:00]} {[%emt
00:03:10]} 11. Qd2 {[%clk 01:21:35]} {[%emt 00:05:05]} d5 {[%clk 01:03:12]}
{[%emt 00:06:19]} 12. O-O-O {[%clk 01:01:07]} {[%emt 00:20:57]} h6 {[%clk
00:41:17]} {[%emt 00:22:25]} 13. g4 {[%clk 00:46:13]} {[%emt 00:15:23]} e5
{[%clk 00:33:40]} {[%emt 00:08:08]} 14. g5 {[%clk 00:40:45]} {[%emt 00:05:58]}
Qb6 {[%clk 00:30:26]} {[%emt 00:03:44]} 15. exd5 {[%clk 00:31:18]} {[%emt
00:09:57]} exd4 {[%clk 00:25:40]} {[%emt 00:05:16]} 16. Bxd4 {[%clk 00:31:46]}
{[%emt 00:00:03]} Qg6 {[%clk 00:22:49]} {[%emt 00:03:21]} 17. Qe3+ {[%clk
00:27:10]} {[%emt 00:05:06]} Kd7 {[%clk 00:17:44]} {[%emt 00:05:34]} 18. Bd3
{[%clk 00:24:16]} {[%emt 00:03:23]} Qxg5 {[%clk 00:16:11]} {[%emt 00:02:03]}
19. f4 {[%clk 00:24:14]} {[%emt 00:00:32]} Qh5 {[%clk 00:13:37]} {[%emt
00:03:05]} 20. Be2 {[%clk 00:21:03]} {[%emt 00:03:41]} Qg6 {[%clk 00:08:06]}
{[%emt 00:06:02]} 21. Rhg1 {[%clk 00:20:55]} {[%emt 00:00:37]} Qd6 {[%clk
00:02:24]} {[%emt 00:06:12]} 22. Bg4+ {[%clk 00:21:05]} {[%emt 00:00:20]} 1-0

[Event "DVM U16 2023"]
[Site "Magdeburg GER"]
[Date "2023.12.28"]
[Round "3"]
[White "Lüersen, Lukas"]
[Black "Andrei, Quentin"]
[Result "1-0"]
[Termination "normal"]
[Board "8.3"]
[WhiteElo "1677"]
[BlackElo "1550"]
[WhiteClock "00:06:21"]
[BlackClock "00:28:06"]
[WhiteTeam "SF Essen-Katernberg 04/32"]
[BlackTeam "SK Bebenhausen 1992"]
[PlyCount "49"]
[WhiteFideId "34628371"]
[BlackFideId "16255712"]
[EventCountry "GER"]
[EventRounds "7"]
[EventType "team-swiss"]
[EventDate "2023.12.26"]

1. e4 {[%clk 01:30:57]} {[%emt 00:00:02]} c5 {[%clk 01:30:56]} {[%emt
00:00:05]} 2. Nc3 {[%clk 01:31:14]} {[%emt 00:00:13]} d6 {[%clk 01:31:17]}
{[%emt 00:00:09]} 3. f4 {[%clk 01:31:25]} {[%emt 00:00:18]} a6 {[%clk
01:30:58]} {[%emt 00:00:49]} 4. a4 {[%clk 01:27:11]} {[%emt 00:04:44]} Nc6
{[%clk 01:31:18]} {[%emt 00:00:11]} 5. Nf3 {[%clk 01:26:12]} {[%emt 00:01:29]}
Nf6 {[%clk 01:29:32]} {[%emt 00:02:16]} 6. Bc4 {[%clk 01:25:39]} {[%emt
00:01:02]} e6 {[%clk 01:14:25]} {[%emt 00:15:36]} 7. Bb3 {[%clk 01:12:29]}
{[%emt 00:13:41]} Qb6 {[%clk 01:03:44]} {[%emt 00:11:11]} 8. d3 {[%clk
01:08:43]} {[%emt 00:04:16]} Be7 {[%clk 01:01:52]} {[%emt 00:02:22]} 9. h3
{[%clk 01:02:07]} {[%emt 00:07:06]} Nd4 {[%clk 00:51:24]} {[%emt 00:10:59]} 10.
Nxd4 {[%clk 00:59:37]} {[%emt 00:03:00]} cxd4 {[%clk 00:51:53]} {[%emt
00:00:01]} 11. Ne2 {[%clk 00:57:39]} {[%emt 00:02:28]} e5 {[%clk 00:46:22]}
{[%emt 00:06:01]} 12. f5 {[%clk 00:47:32]} {[%emt 00:10:36]} Nd7 {[%clk
00:45:15]} {[%emt 00:01:38]} 13. O-O {[%clk 00:38:50]} {[%emt 00:09:11]} Nc5
{[%clk 00:43:35]} {[%emt 00:02:11]} 14. Bd5 {[%clk 00:37:26]} {[%emt 00:01:53]}
Bd7 {[%clk 00:41:42]} {[%emt 00:02:23]} 15. a5 {[%clk 00:32:10]} {[%emt
00:05:45]} Qc7 {[%clk 00:41:26]} {[%emt 00:00:47]} 16. Ng3 {[%clk 00:28:41]}
{[%emt 00:03:59]} Bc6 {[%clk 00:36:14]} {[%emt 00:05:42]} 17. Bc4 {[%clk
00:26:54]} {[%emt 00:02:16]} Nd7 {[%clk 00:32:27]} {[%emt 00:04:18]} 18. Qf3
{[%clk 00:23:11]} {[%emt 00:04:13]} Nf6 {[%clk 00:28:19]} {[%emt 00:04:39]} 19.
Nh5 {[%clk 00:20:10]} {[%emt 00:03:30]} Qd7 {[%clk 00:27:53]} {[%emt 00:00:57]}
20. Nxg7+ {[%clk 00:16:56]} {[%emt 00:03:43]} Kf8 {[%clk 00:27:19]} {[%emt
00:01:04]} 21. Bh6 {[%clk 00:15:43]} {[%emt 00:01:43]} d5 {[%clk 00:27:47]}
{[%emt 00:00:02]} 22. exd5 {[%clk 00:08:48]} {[%emt 00:07:25]} Bxd5 {[%clk
00:27:42]} {[%emt 00:00:36]} 23. Nh5+ {[%clk 00:06:16]} {[%emt 00:03:01]} Ke8
{[%clk 00:27:41]} {[%emt 00:00:32]} 24. Nxf6+ {[%clk 00:06:25]} {[%emt
00:00:20]} Bxf6 {[%clk 00:28:06]} {[%emt 00:00:05]} 25. Qxd5 {[%clk 00:06:21]}
{[%emt 00:00:34]} 1-0

[Event "DVM U16 2023"]
[Site "Magdeburg GER"]
[Date "2023.12.28"]
[Round "3"]
[White "Geray, Idar"]
[Black "Klaus, Daniel"]
[Result "0-1"]
[Termination "normal"]
[Board "8.4"]
[WhiteElo "1456"]
[BlackElo "1337"]
[WhiteClock "00:40:34"]
[BlackClock "00:32:37"]
[WhiteTeam "SK Bebenhausen 1992"]
[BlackTeam "SF Essen-Katernberg 04/32"]
[PlyCount "66"]
[WhiteFideId "34615059"]
[BlackFideId "16286286"]
[EventCountry "GER"]
[EventRounds "7"]
[EventType "team-swiss"]
[EventDate "2023.12.26"]

1. d4 {[%clk 01:30:39]} {[%emt 00:00:21]} Nf6 {[%clk 01:30:48]} {[%emt
00:00:13]} 2. Bg5 {[%clk 01:31:03]} {[%emt 00:00:05]} e6 {[%clk 01:30:36]}
{[%emt 00:00:43]} 3. Nd2 {[%clk 01:31:27]} {[%emt 00:00:06]} Be7 {[%clk
01:29:16]} {[%emt 00:01:49]} 4. Bxf6 {[%clk 01:30:49]} {[%emt 00:01:08]} Bxf6
{[%clk 01:29:36]} {[%emt 00:00:10]} 5. c3 {[%clk 01:31:15]} {[%emt 00:00:04]}
b6 {[%clk 01:29:06]} {[%emt 00:01:01]} 6. e4 {[%clk 01:31:10]} {[%emt
00:00:35]} Bb7 {[%clk 01:29:12]} {[%emt 00:00:24]} 7. Bd3 {[%clk 01:31:05]}
{[%emt 00:00:34]} d6 {[%clk 01:28:57]} {[%emt 00:00:46]} 8. Qe2 {[%clk
01:31:19]} {[%emt 00:00:15]} Nd7 {[%clk 01:27:21]} {[%emt 00:02:06]} 9. Ngf3
{[%clk 01:29:33]} {[%emt 00:02:17]} O-O {[%clk 01:25:44]} {[%emt 00:02:07]} 10.
h4 {[%clk 01:27:36]} {[%emt 00:02:26]} c5 {[%clk 01:22:09]} {[%emt 00:04:05]}
11. O-O-O {[%clk 01:03:46]} {[%emt 00:24:19]} cxd4 {[%clk 01:17:42]} {[%emt
00:04:58]} 12. cxd4 {[%clk 01:03:57]} {[%emt 00:00:19]} e5 {[%clk 01:08:41]}
{[%emt 00:09:31]} 13. d5 {[%clk 01:01:55]} {[%emt 00:02:32]} Nc5 {[%clk
01:07:46]} {[%emt 00:01:25]} 14. Kb1 {[%clk 01:01:53]} {[%emt 00:00:33]} a5
{[%clk 00:53:23]} {[%emt 00:14:53]} 15. g4 {[%clk 00:59:58]} {[%emt 00:02:23]}
Nxd3 {[%clk 00:50:44]} {[%emt 00:03:10]} 16. Qxd3 {[%clk 01:00:18]} {[%emt
00:00:10]} Ba6 {[%clk 00:50:33]} {[%emt 00:00:42]} 17. Qe3 {[%clk 00:58:22]}
{[%emt 00:02:26]} Rc8 {[%clk 00:44:18]} {[%emt 00:06:45]} 18. g5 {[%clk
00:58:02]} {[%emt 00:00:49]} Be7 {[%clk 00:44:32]} {[%emt 00:00:16]} 19. h5
{[%clk 00:56:54]} {[%emt 00:01:38]} Qc7 {[%clk 00:39:35]} {[%emt 00:05:27]} 20.
Rc1 {[%clk 00:56:32]} {[%emt 00:00:52]} Qb7 {[%clk 00:35:31]} {[%emt 00:04:35]}
21. Nh4 {[%emt 00:16:30]} Rxc1+ 22. Rxc1 Rc8 23. Rxc8+ Qxc8 24. Ndf3 g6 25. h6
Qc4 26. Qxb6 Qxe4+ 27. Ka1 Qc2 28. Nd2 Qc1+ 29. Nb1 Bd3 30. Qb8+ Bf8 31. Qxf8+
Kxf8 32. Nxg6+ fxg6 33. a4 {[%clk 00:40:34]} Qxb1# {[%clk 00:32:37]} 0-1

[Event "DVM U16 2023"]
[Site "Magdeburg GER"]
[Date "2023.12.28"]
[Round "3"]
[White "Bergmann, Lennart"]
[Black "Trunz, Michelle"]
[Result "0-1"]
[Termination "normal"]
[Board "9.1"]
[WhiteElo "1612"]
[BlackElo "2024"]
[WhiteClock "00:33:48"]
[BlackClock "00:28:29"]
[WhiteTeam "VSG 1880 Offenbach"]
[BlackTeam "SG Porz"]
[PlyCount "92"]
[WhiteFideId "16270657"]
[BlackFideId "16227980"]
[EventCountry "GER"]
[EventRounds "7"]
[EventType "team-swiss"]
[EventDate "2023.12.26"]

1. Nf3 {[%clk 01:30:48]} {[%emt 00:00:12]} d5 {[%clk 01:30:40]} {[%emt
00:00:20]} 2. g3 {[%clk 01:31:12]} {[%emt 00:00:06]} Nf6 {[%clk 01:30:52]}
{[%emt 00:00:17]} 3. Bg2 {[%clk 01:31:33]} {[%emt 00:00:09]} c6 {[%clk
01:31:06]} {[%emt 00:00:17]} 4. d3 {[%clk 01:31:53]} {[%emt 00:00:10]} Bf5
{[%clk 01:31:03]} {[%emt 00:00:33]} 5. O-O {[%clk 01:31:19]} {[%emt 00:01:04]}
h6 {[%clk 01:31:16]} {[%emt 00:00:17]} 6. Nbd2 {[%clk 01:30:58]} {[%emt
00:00:51]} e6 {[%clk 01:31:12]} {[%emt 00:00:34]} 7. Qe1 {[%clk 01:27:48]}
{[%emt 00:03:40]} Be7 {[%clk 01:30:50]} {[%emt 00:00:51]} 8. e4 {[%clk
01:23:46]} {[%emt 00:04:32]} Bh7 {[%clk 01:31:13]} {[%emt 00:00:07]} 9. Qe2
{[%clk 01:19:32]} {[%emt 00:04:44]} O-O {[%clk 01:29:56]} {[%emt 00:01:47]} 10.
e5 {[%clk 01:19:27]} {[%emt 00:00:36]} Nfd7 {[%clk 01:30:09]} {[%emt 00:00:17]}
11. Re1 {[%clk 01:19:22]} {[%emt 00:00:35]} c5 {[%clk 01:27:35]} {[%emt
00:03:04]} 12. Nf1 {[%clk 01:18:55]} {[%emt 00:00:56]} Nc6 {[%clk 01:27:08]}
{[%emt 00:00:58]} 13. h4 {[%clk 01:17:37]} {[%emt 00:01:47]} b5 {[%clk
01:22:29]} {[%emt 00:05:09]} 14. N1h2 {[%clk 01:16:25]} {[%emt 00:01:43]} Nb6
{[%clk 01:20:29]} {[%emt 00:02:30]} 15. Ng4 {[%clk 01:14:57]} {[%emt 00:01:58]}
Bg6 {[%clk 01:09:34]} {[%emt 00:11:24]} 16. c3 {[%clk 01:00:09]} {[%emt
00:15:18]} Rc8 {[%clk 01:01:17]} {[%emt 00:08:47]} 17. Nd2 {[%clk 00:56:52]}
{[%emt 00:03:47]} b4 {[%clk 00:58:34]} {[%emt 00:03:14]} 18. Bf1 {[%clk
00:41:53]} {[%emt 00:15:29]} bxc3 {[%clk 00:55:51]} {[%emt 00:03:13]} 19. bxc3
{[%clk 00:42:12]} {[%emt 00:00:10]} Na4 {[%clk 00:55:57]} {[%emt 00:00:24]} 20.
Nb1 {[%clk 00:42:30]} {[%emt 00:00:12]} c4 {[%clk 00:52:06]} {[%emt 00:04:22]}
21. dxc4 {[%clk 00:29:02]} {[%emt 00:13:57]} h5 {[%clk 00:49:43]} {[%emt
00:02:53]} 22. Nh2 {[%clk 00:25:07]} {[%emt 00:04:26]} Bxb1 {[%clk 00:39:45]}
{[%emt 00:10:28]} 23. Rxb1 {[%clk 00:25:27]} {[%emt 00:00:10]} Nxc3 {[%clk
00:39:30]} {[%emt 00:00:44]} 24. Qxh5 {[%clk 00:25:24]} {[%emt 00:00:33]} dxc4
{[%clk 00:39:32]} {[%emt 00:00:28]} 25. Ng4 {[%clk 00:23:05]} {[%emt 00:02:50]}
Nd4 {[%clk 00:37:08]} {[%emt 00:02:54]} 26. Nh6+ {[%clk 00:13:58]} {[%emt
00:09:36]} gxh6 {[%clk 00:37:27]} {[%emt 00:00:11]} 27. Bxh6 {[%clk 00:14:24]}
{[%emt 00:00:03]} Nf5 {[%clk 00:35:00]} {[%emt 00:02:58]} 28. Rbc1 {[%clk
00:14:49]} {[%emt 00:00:06]} Nxh6 {[%clk 00:27:25]} {[%emt 00:08:05]} 29. Qxh6
{[%clk 00:14:49]} {[%emt 00:00:29]} Qd4 {[%clk 00:21:51]} {[%emt 00:06:05]} 30.
Rxc3 {[%clk 00:13:22]} {[%emt 00:01:57]} Qxc3 {[%clk 00:19:08]} {[%emt
00:03:11]} 31. Re4 {[%clk 00:13:41]} {[%emt 00:00:12]} Qf3 {[%clk 00:17:17]}
{[%emt 00:02:22]} 32. Rf4 {[%clk 00:12:51]} {[%emt 00:01:20]} Qd1 {[%clk
00:08:20]} {[%emt 00:09:27]} 33. f3 {[%clk 00:12:47]} {[%emt 00:00:34]} Bc5+
{[%clk 00:05:56]} {[%emt 00:02:53]} 34. Kh2 {[%clk 00:11:13]} {[%emt 00:02:04]}
Qc2+ {[%clk 00:05:06]} {[%emt 00:01:20]} 35. Kh3 {[%clk 00:11:22]} {[%emt
00:00:21]} f6 {[%clk 00:03:33]} {[%emt 00:02:03]} 36. Bxc4 {[%clk 00:10:19]}
{[%emt 00:01:33]} Qh7 {[%clk 00:01:52]} {[%emt 00:02:11]} 37. Rg4+ {[%clk
00:07:37]} {[%emt 00:03:12]} Kh8 {[%clk 00:02:15]} {[%emt 00:00:07]} 38. Qf4
{[%clk 00:07:31]} {[%emt 00:00:36]} f5 {[%clk 00:01:59]} {[%emt 00:00:47]} 39.
Rg5 {[%clk 00:07:09]} {[%emt 00:00:52]} Be7 {[%clk 00:02:16]} {[%emt 00:00:13]}
40. Bxe6 {[%clk 00:05:45]} {[%emt 00:01:53]} Bxg5 {[%clk 00:02:18]} {[%emt
00:00:28]} 41. Qxg5 {[%clk 00:06:06]} {[%emt 00:00:09]} Rce8 {[%clk 00:00:40]}
{[%emt 00:02:08]} 42. Bb3 {[%clk 00:05:27]} {[%emt 00:01:09]} Rxe5 {[%clk
00:30:24]} {[%emt 00:00:46]} 43. Qf4 {[%clk 00:35:21]} {[%emt 00:00:38]} Qg7
{[%clk 00:28:58]} {[%emt 00:01:55]} 44. h5 {[%clk 00:35:05]} {[%emt 00:00:46]}
Re1 {[%clk 00:28:19]} {[%emt 00:01:08]} 45. Kh2 {[%clk 00:33:24]} {[%emt
00:02:12]} Qb2+ {[%clk 00:28:29]} {[%emt 00:00:20]} 46. Kh3 {[%clk 00:33:48]}
{[%emt 00:00:06]} Th1 0-1